000 00391nam a22001337a 4500
020 _a0131471252
040 _cNust
082 _a512.2
_bTHO'A
100 _aRoland E. Thomas
_9127060
245 _aThe analysis and design of linear circuits
260 _aNew Jersey:
_bPrentice Hal international,
_c1994.
650 _aThe analysis and design of linear circuits
_9127061
942 _2ddc
_cBK
999 _c612386
_d612386